Machinery's handbook
| Corporate Author: | |
|---|---|
| Format: | Book |
| Published: |
New York :
Industrial Press ,
c1992
|
| Edition: | 24th ed. |
| Subjects: |
MARC
| LEADER | 00000cam a2200000 7i4500 | ||
|---|---|---|---|
| 001 | 0000000594 | ||
| 005 | 20180403093000.0 | ||
| 008 | 021118n | ||
| 020 | |a 083112492X | ||
| 090 | 0 | 0 | |a TJ151 |b .O245 1988 |
| 110 | 0 | |a Oberg, Erik , |d 1881- |e author | |
| 245 | 0 | 0 | |a Machinery's handbook |c by Erik Oberg ... [et al.] |
| 250 | |a 24th ed. | ||
| 260 | 2 | |a New York : |b Industrial Press , |c c1992 | |
| 300 | |a xiv, 2543 p. ; ; |c 19 cm. | ||
| 501 | |a Includes index | ||
| 650 | 0 | |a Mechanical engineering |x Handbooks, manuals, etc. | |
| 999 | |a 1000052787 |b Book |c Reference |e Gong Badak Campus | ||